000 00311nam a22001457a 4500
008 210507b ||||| |||| 00| 0 eng d
020 _a9780538436823
041 _aeng
080 _a33
082 _a33
100 _a53
101 _aBIZ
245 _aBusiness Communications
_cTom Means
942 _2udc
_cBK
999 _c57121
_d57121